00674nam a2200229Ia 4500001000600000003000900006008004100015040001300056040001300069041001300082100001900095100002900114245004400143245005500187250001100242260001100253260001300264260004900277300005500326650003200381650003100413 2498IT-RoPAU130308s9999 xx 000 0 und d aIT-RoPAU cIT-RoPAU aITALIANO aMoscon Giorgio gCodice Aut. SPICS: 3514 aCensura durante il regime fascista (La) bCinema Italiano dal Fascismo All'Antifascismo (Il) a1a ed. aPADOVA bMarsilio c1966 [1° Ed.:1966 - Ed.Ling.Originale:1964] a"6 p. (prefazione: no ; testo: 6 [pagine: 55-60])" aSTORIA NAZIONALE DEL CINEMA eCodice materia Spics: 6809